Govt. of
Madhya Pradesh

Training of Social Education Workers (Record no. 38920)

MARC details
000 -LEADER
fixed length control field 004500000a22001690004500
003 - CONTROL NUMBER IDENTIFIER
control field MACL
005 - DATE AND TIME OF LATEST TRANSACTION
control field 20160101171621.0
008 - FIXED-LENGTH DATA ELEMENTS--GENERAL INFORMATION
fixed length control field 160101b xxu||||| |||| 00| 0 eng d
040 ## - CATALOGING SOURCE
Original cataloging agency MACL
Transcribing agency MACL
041 ## - LANGUAGE CODE
Language code of text/sound track or separate title English
082 ## - DEWEY DECIMAL CLASSIFICATION NUMBER
Classification number 370.6/DUT
100 ## - MAIN ENTRY--PERSONAL NAME
Personal name Dutta, S C
9 (RLIN) 25736
245 ## - TITLE STATEMENT
Title Training of Social Education Workers
260 ## - PUBLICATION, DISTRIBUTION, ETC. (IMPRINT)
Name of publisher, distributor, etc. Indian Adult Education Association
Date of publication, distribution, etc. 1954
Place of publication, distribution, etc. Delhi
650 ## - SUBJECT ADDED ENTRY--TOPICAL TERM
Topical term or geographic name as entry element Education
9 (RLIN) 26772
942 ## - ADDED ENTRY ELEMENTS (KOHA)
Koha item type Books
Call number prefix 370.6/DUT
Source of classification or shelving scheme
Holdings
Withdrawn status Lost status Source of classification or shelving scheme Damaged status Not for loan Home library Current library Date acquired Total Checkouts Full call number Barcode Date last seen Uniform Resource Identifier Price effective from Koha item type
          MACL MACL 15/04/2015   370.6/DUT CLE006038 29/04/2015 39144 15/04/2015 Books